000 00645nam a2200241 i 4500
001 C2-0116742
003 PPAK
005 20180727110037.0
008 970722s1953 si |||| ||||| | eng d
020 _a9971409933
040 _aPPAK
_beng
_cPPAK
_erda
082 0 4 _a338.959
_223
090 0 0 _a338.959
_bLIM
_dG
100 1 _aLim, Chong -Yah,
_eauthor
245 1 0 _aEconomic development in Southeast Asia
264 1 _aSingapore :
_bFederal ,
_c1953
300 _a155 pages ;
_c21 cm
336 _2rdacontent
_atext
337 _2rdamedia
_aunmediated
338 _2rdacarrier
_avolume
650 1 0 _aEconomic development
942 _ddc
_cB
999 _c30862
_d30862